Geometric invariant theory.

Guardado en:
Autor Principal: Mumford, David, 1937-
Formato: Libro
Idioma:English
Publicado: Berlin ; New York : Springer-Verlag, 1965.
Series:Ergebnisse der Mathematik und ihrer Grenzgebiete, n.F. ; Bd. 34
Materias:
Etiquetas: Agregar Etiqueta
Sin Etiquetas, Sea el primero en etiquetar este registro!
LEADER 00715cam a22002171a 4500
001 MAT.inmabb005506
008 730131s1965####gw#a#####b####000#0#eng##
005 20130304120036.0
245 1 0 |a Geometric invariant theory. 
260 |a Berlin ;  |a New York :  |b Springer-Verlag,  |c 1965. 
300 |a v, 145 p. :  |b il. ;  |c 24 cm. 
440 0 |a Ergebnisse der Mathematik und ihrer Grenzgebiete, n.F. ;  |v Bd. 34 
504 |a Bibliografía: p. [144]-145. 
510 4 |a MR,  |c 86a:14006 
100 1 |a Mumford, David,  |d 1937- 
650 0 |a Geometry, Algebraic. 
650 0 |a Invariants. 
084 |a 14L24 (14-02 14D20 14L30)  |2 msc2000 
010 |a  65016690  
040 |a DLC  |c OClU  |d OCoLC  |d DLC 
859 |h 14  |i M962  |p A-2624  |b BIB. MATEMATICA